000 00609nam a2200229Ia 4500
003 OSt
005 20220924152335.0
006 a|||||r|||| 00| 0
007 ta
008 220923b |||||||| |||| 00| 0 mar d
024 _a342120
037 _cTextual
040 _aARTS
_cARTS
_bmar
041 _2mar
_amar
082 _aO155,3NKUL2, M7
100 _aKulkarni Shriniwas Vinayak
_9226438
245 0 _aPanyachey pankh
260 _c1987
650 _aMARATHI LITERATURE
_938000
942 _hO155,3NKUL2, M7
_cTEXL
_2CC
999 _c469525
_d469525